AMONG DENSE FORESTS AND BOGS OF BELARUS (Record no. 201884)
[ view plain ]
| 000 -LEADER | |
|---|---|
| fixed length control field | 00249nam a2200097Ia 4500 |
| 050 ## - LIBRARY OF CONGRESS CALL NUMBER | |
| Classification number | SB 484 .B 38 2005 |
| 100 ## - MAIN ENTRY--PERSONAL NAME | |
| Personal name | IGOR,BYSHNYOV |
| 245 #0 - TITLE STATEMENT | |
| Title | AMONG DENSE FORESTS AND BOGS OF BELARUS |
| 942 ## - ADDED ENTRY ELEMENTS (KOHA) | |
| Koha item type | Long Loan Book |
| Withdrawn status | Lost status | Source of classification or shelving scheme | Damaged status | Not for loan | Collection | Home library | Current library | Shelving location | Date acquired | Inventory number | Total checkouts | Full call number | Barcode | Date last seen | Copy number | Price effective from | Koha item type |
|---|---|---|---|---|---|---|---|---|---|---|---|---|---|---|---|---|---|
| Library of Congress Classification | Science & Technology | Kisii University Library | Kisii University Library | On Display | 08/19/2024 | 31412 | SB .H84B38 2005 | 035952 | 08/19/2024 | C.1 | 08/19/2024 | Long Loan Book |